000 00256nam a22001217a 4500
008 181022b xxu||||| |||| 00| 0 eng d
041 _aeng
080 _a101
100 _a24
101 _aFIL
245 _aThe Concept of Mind
_cRyle,G
942 _2udc
_cBK
999 _c50350
_d50350